Türk yazı dilleri ve lehçelerinde yansımalı fiillerin yapısı / (Kayıt no. 15889)

MARC ayrıntıları
000 -BAŞLIK
Sabit Uzunlukta Kontrol Alanı 00743nam a22002177a 4500
999 ## - SİSTEM KONTROL NUMARALARI (KOHA)
Koha Biblionumber 15889
Koha Biblioitemnumber 15889
003 - KONTROL NUMARASI IDENTIFIER
Denetim Alanı MIRAKIL
005 - SON İŞLEM TARİHİ VE ZAMANI
Denetim Alanı 20240417142319.0
008 - SABİT-BOY VERİ ELEMANLARI - GENEL BİLGİLER
Sabit Uzunlukta Kontrol Alanı 240417b tu ||||| |||| 00| 0 tur d
020 ## - ULUSLARARASI STANDART KİTAP NUMARASI
Uluslararası Standart Kitap Numarası 9789751748164
040 ## - KATALOGLAMA KAYNAK
Orijinal Kataloglama Ajansı TR-AnCHP
Metne Dönüştürmek Ajansı TR-AnCHP
041 ## - DİL KODU
Metin / Ses Parça Veya Ayrı Başlığın Dil Kodu tur
082 ## - DEWEY ONLU SINIFLANDIRMA NUMARASI
Sınıflandırma Numarası 419.99
Ürün Numarası O58t 2021
100 ## - ANA GİRİŞ - KİŞİSEL İSİM
Kişisel Ad Omuralieva, Aksaamai
245 10 - BAŞLIK TABLOSU
Başlık Türk yazı dilleri ve lehçelerinde yansımalı fiillerin yapısı /
Sorumluluk Tablosu, Vb Aksaamai Omuralieva.
260 ## - YAYIN, DAĞITIM, VB
Yayın, Dağıtım, Vb Yeri İstanbul :
Yayıncı, Dağıtıcı, Vs Adı Türk Dil Kurumu Yayınları,
Yayın, Dağıtım, Vb Tarihi 2021
300 ## - FİZİKSEL TANIM
Kapsam 436 sayfa ;
Boyutlar 24 cm.
490 0# - SERİSİ TABLOSU
Seri Beyanı Türk Dil Kurumu Yayınları ;
Hacim / Ardışık Tanımı 1402.
504 ## - KAYNAKÇA VB NOT
Kaynakça Vb Notu Kaynakça: 429-436. sayfa<br/>
856 ## - ELEKTRONİK YER VE ERİŞİM
Kamu Notu Dijital Nüshası için Partimizin Kütüphane Sorumlusu ile iletişime geçiniz.
942 ## - EKLENDİ GİRİŞ ELEMANLARI (KOHA)
Sınıflandırma Veya Raf Düzeni Kaynak Dewey Decimal Classification
Koha Öğesi Türü Kitaplar
Mevcut
Kalıcı Konum Mevcut Konum Edinme Tarihi Toplam Check-Out'Lar Tam Çağrı Numarası Barkod Tarih Son Görülme İtibaren Geçerli Fiyatlar Koha Öğesi Türü
CHP Kütüphanesi CHP Kütüphanesi 04/17/2024   419.99 O58t 2021 21840 04/17/2024 04/17/2024 Kitaplar